|
|
|
|
| LEADER |
00000nam a2200000 a 4500 |
| 001 |
vtls011735057 |
| 003 |
SK-MaSNL |
| 005 |
20260426013110.0 |
| 008 |
240318s2017 xo ho g 000 0bslo |
| 015 |
|
|
|a SNBA2018/02
|
| 020 |
|
|
|a 9788081281921
|q (viaz.)
|
| 035 |
|
|
|a urn:nbn:sk:snk-am00dga3
|
| 035 |
|
|
|a urn:nbn:sk:snk-am3i1a7
|
| 035 |
|
|
|a 5A556271-6B65-438C-8F63-314607C2BB2E
|
| 040 |
|
|
|a SNK
|b slo
|c SNK
|e AACR2
|
| 041 |
0 |
|
|a slo
|
| 043 |
|
|
|a e-xo---
|a e-ur---
|
| 044 |
|
|
|a xo
|c SK
|
| 072 |
|
7 |
|a 323
|x Vnútropolitický vývoj, politický život
|2 konspekt
|
| 072 |
|
7 |
|a 929
|x Biografie
|2 konspekt
|
| 080 |
|
|
|a 341.43
|2 2011
|
| 080 |
|
|
|a 323.28:329.15
|2 2011
|
| 080 |
|
|
|a (47+57)
|2 2011
|
| 080 |
|
|
|a (437.6)
|2 2011
|
| 080 |
|
|
|a 328/329
|2 2011
|
| 080 |
|
|
|a (0:82-94)
|2 2011
|
| 100 |
1 |
|
|a Zelinová, Milota,
|d 1943-
|4 aut
|9 6300
|
| 245 |
1 |
0 |
|a Mikuláš Gacek Päť osudových návratov
|c Milota Zelinová Gaceková
|
| 246 |
3 |
|
|a Päť osudových návratov
|
| 260 |
|
|
|a Martin
|b Matica slovenská
|c 2017
|
| 300 |
|
|
|a 202 s., [17] s. fotogr. príl.
|b faks., fotogr.
|c 23 cm
|
| 504 |
|
|
|a Poznámky
|
| 600 |
1 |
7 |
|a Gacek, Mikuláš,
|d 1895-1971
|2 SNKMA
|9 10648
|
| 650 |
0 |
7 |
|a politika a vláda
|2 SNKPH
|9 3868
|
| 650 |
0 |
7 |
|a nútené vysťahovanie
|2 SNKPH
|9 997
|
| 650 |
0 |
7 |
|a zločiny komunizmu
|2 SNKPH
|9 4471
|
| 650 |
0 |
7 |
|a Politics and government
|2 SNKPHeng
|9 280895
|
| 650 |
0 |
7 |
|a Repatriation
|2 SNKPHeng
|9 328924
|
| 650 |
0 |
7 |
|a Crimes of communism
|2 SNKPHeng
|9 265802
|
| 651 |
|
7 |
|a Sovietsky zväz
|2 SNKPH
|9 22126
|
| 651 |
|
7 |
|a Slovakia
|2 SNKPHeng
|9 92630
|
| 651 |
|
7 |
|a Soviet Union
|2 SNKPHeng
|9 277091
|
| 651 |
|
7 |
|a Slovensko
|2 SNKPH
|9 14231
|
| 655 |
|
7 |
|a autobiografické spomienky
|2 SNKPH
|9 70489
|
| 655 |
|
7 |
|a Autobiographical reminiscences
|2 SNKPHeng
|9 302514
|
| 919 |
|
|
|a 978-80-8128-192-1
|
| 958 |
|
|
|a BX
|
| 999 |
|
|
|c 1114404
|d 1116334
|
| 952 |
|
|
|a SNK
|b SNK
|y PREZ
|7 0
|p 17A1306711
|o snkSC 177616
|i snk2018/385
|8 0
|0 0
|1 0
|4 0
|d 2018-01-09
|f 1
|l 0
|r 2025-09-19 00:00:00
|w 2026-02-24
|
| 952 |
|
|
|a SNK
|b SNK
|y VYP
|7 0
|p 17A1306712
|o snkSC 177616 D1
|i snk2018/386
|8 0
|0 0
|1 0
|4 0
|d 2018-01-09
|l 0
|r 2026-02-24 18:11:56
|w 2026-02-24
|